书目信息 |
| 题名: |
西方文化经典
|
|
| 作者: | 汉默顿 编 ;李治鹏 , 王晓燕 译 | |
| 分册: | 哲学卷 | |
| 出版信息: | 武汉 华中科技大学出版社 2016 |
|
| 页数: | 322页 | |
| 开本: | 24cm | |
| 丛书名: | ||
| 单 册: | ||
| 中图分类: | K500.3 , B5 , B1 | |
| 科图分类: | ||
| 主题词: | 西方文化--xi fang wen hua--著作--介绍 , 哲学--zhe xue--著作--介绍--西方国家 , 哲学--世界 | |
| 电子资源: | ||
| ISBN: | 978-7-5680-2090-9 | |
| 000 | 01260nam0 22003371 450 | |
| 001 | 387748 | |
| 005 | 20170503084957.87 | |
| 010 | @a978-7-5680-2090-9@dCNY55.00 | |
| 100 | @a20161017d2016 em y0chiy50 ea | |
| 101 | 1 | @achi@ceng |
| 102 | @aCN@b420000 | |
| 105 | @ay z 000yy | |
| 106 | @ar | |
| 200 | 1 | @a西方文化经典@9xi fang wen hua jing dian@dOutline of great books@i哲学卷@f(英)约翰·亚历山大·汉默顿(John Alexander Hammerton)编@g李治鹏,王晓燕译 @zeng |
| 210 | @a武汉@c华中科技大学出版社@d2016 | |
| 215 | @a322页@d24cm | |
| 304 | @a英文分辑题名:Philosophy | |
| 314 | @a书脊英文共同题名:Outline of great books | |
| 330 | @a本书选编了在西方哲学领域产生重大影响的著作,在把握原著精髓的基础上,选取其中重点篇章加以整理,展现每位作者的哲学思想。 | |
| 510 | 1 | @aOutline of great books@iPhilosophy@zeng |
| 606 | 0 | @a西方文化@9xi fang wen hua@x著作@x介绍 |
| 606 | 0 | @a哲学@9zhe xue@x著作@x介绍@x西方国家 |
| 606 | 0 | @a哲学@x世界 |
| 690 | @aK500.3@v5 | |
| 690 | @aB5@v5 | |
| 690 | @aB1@v4 | |
| 701 | 0 | @c(英)@a汉默顿@9han mo dun@c(Hammerton, John Alexander@f1871~1949)@4编 |
| 702 | 0 | @a李治鹏@9li zhi peng@f(1986~)@4译 |
| 702 | 0 | @a王晓燕@9wang xiao yan@4译 |
| 801 | 0 | @aCN@b百万庄@c20170308 |
| 905 | @b1003744-9@dB1@e74@f6 | |
| 西方文化经典=Outline of great books.哲学卷/(英)约翰·亚历山大·汉默顿(John Alexander Hammerton)编/李治鹏,王晓燕译 .-武汉:华中科技大学出版社,2016 |
| 322页;24cm |
| ISBN 978-7-5680-2090-9:CNY55.00 |
| 本书选编了在西方哲学领域产生重大影响的著作,在把握原著精髓的基础上,选取其中重点篇章加以整理,展现每位作者的哲学思想。 |
| ● |
| 相关链接 |
|
|
|
|
正题名:西方文化经典
索取号:B1/74
 
预约/预借
| 序号 | 登录号 | 条形码 | 馆藏地/架位号 | 状态 | 备注 |
| 1 | 1003744 | 210037440 | 第一样本阅览室/ [索取号:B1/74] | 在馆 | |
| 2 | 1003745 | 210037459 | 教育系资料室/ [索取号:B1/74] | 在馆 | |
| 3 | 1003746 | 210037468 | 教育系资料室/ [索取号:B1/74] | 在馆 | |
| 4 | 1003747 | 210037477 | 教育系资料室/ [索取号:B1/74] | 在馆 | |
| 5 | 1003748 | 210037486 | 第一借阅区/ [索取号:B1/74] | 在馆 | |
| 6 | 1003749 | 210037495 | 第一借阅区/ [索取号:B1/74] | 在馆 |